Fulfilling your God-given destiny. (Record no. 13090)

000 -LEADER
fixed length control field 00565nam a2200181 a 4500
001 - CONTROL NUMBER
control field :::00010908$&:&@@
003 - CONTROL NUMBER IDENTIFIER
control field OkBaRHE
005 - DATE AND TIME OF LATEST TRANSACTION
control field 20100401170645.0
008 - FIXED-LENGTH DATA ELEMENTS--GENERAL INFORMATION
fixed length control field s1995 j 000 0 eng u
040 ## - CATALOGING SOURCE
Transcribing agency
100 1# - MAIN ENTRY--PERSONAL NAME
Personal name Treat, Casey.
245 10 - TITLE STATEMENT
Title Fulfilling your God-given destiny.
260 ## - PUBLICATION, DISTRIBUTION, ETC. (IMPRINT)
Place of publication, distribution, etc Nashville, TN.,
Name of publisher, distributor, etc Thomas Nelson, Inc., Publishers
Date of publication, distribution, etc 1995
300 ## - PHYSICAL DESCRIPTION
Extent 179 p. ;
Dimensions 22 cm.
650 ## - SUBJECT ADDED ENTRY--TOPICAL TERM
Topical term or geographic name as entry element Christian life.
942 ## - ADDED ENTRY ELEMENTS (KOHA)
Source of classification or shelving scheme
Koha item type Books
Copies
Copy number Date acquired Permanent Location Price effective from Barcode Koha item type Withdrawn status Shelving location Damaged status Full call number Lost status Not for loan Source of classification or shelving scheme Date last seen
12010-04-14RHEMA Bible Training College2010-04-1410908Books General Stacks BV 4501.2 .T69 1995   2010-04-14